| 000 | 00760nam a2200217 a 4500 | ||
|---|---|---|---|
| 005 | 20210223123628.0 | ||
| 008 | 991125s1993 mx 000 0 spa u | ||
| 020 | _a9688059447 | ||
| 035 | _aUPN01000057171 | ||
| 049 | _aCG | ||
| 050 | 4 |
_aHD1333 M6 _bM4.7 |
|
| 100 | 1 | _aMeyer Cosío, Francisco Javier | |
| 245 | 1 | 0 |
_aTradición y progreso : _bla reforma agraria en Acámbaro, Guanajuato : 1915-1941 / _cFrancisco Javier Meyer Cosío. |
| 260 |
_aMéxico : _bINEHRM, _c1993. |
||
| 300 |
_a203 p. : _bmapas, gráfs. |
||
| 500 | _a"Premio Salvador Azuela 1992" | ||
| 651 | 4 |
_aACAMBARO, GUANAJUATO - _xCONDICIONES RURALES _982 |
|
| 650 | 4 |
_aREFORMA AGRARIA - _zACAMBARO, GUANAJUATO |
|
| 651 | 4 |
_aACAMBARO, GUANAJUATO - _xCONDICIONES SOCIALES _983 |
|
| 905 | _aLibro | ||
| 999 |
_c57171 _d57171 |
||